All Valorant Vandal Skins (April 2026) - Statistics

General Stats
  • This quiz has been taken 58 times
  • The average score is 39 of 98
Answer Stats
Picture Answer % Correct
Neptune
91%
Champions 2021
88%
Champions 2023
88%
Champions 2025
88%
Araxys
82%
Arcane
82%
Ion
82%
Kuronami
82%
RGX
82%
Prime
79%
Reaver
79%
Glitchpop
76%
Oni
76%
Prelude To Chaos
76%
Sentinels Of Light
76%
Elderflame
74%
Exo
74%
Singularity
74%
Xerofang
74%
Forsaken
71%
Minima
71%
Mystbloom
71%
Evori Dreamwings
68%
Imperium
68%
Magepunk
68%
Origin
68%
Primordium
68%
Smite
68%
Black Market
65%
Cryostasis
65%
Gaias Vengeance
65%
Aemondir
62%
Blackthorn
62%
Chronovoid
62%
Cyrax
62%
Overdrive
62%
Ora By Onetap
56%
Divergence
53%
Ego
53%
Sakura
53%
Valorant Go!
50%
Phaseguard
47%
Splashx
44%
Sys
44%
Dolmirs Revenge
41%
Valiant Hero
41%
Wasteland
38%
Avalanche
32%
Prism
32%
Solarstride
32%
Exe
29%
Holo Meridian
29%
Luxe
29%
Ruin
29%
Aristocrat
26%
Comet
26%
Holomoku
26%
Altitude
24%
Bubble Pop
24%
Crimsonbeast
24%
Titanmail
24%
Horizon
21%
Ktac
21%
Luna
21%
Orion
21%
Depths
18%
MK VII Liberty
18%
Silkleaf
18%
Tethered Realms
18%
Winterwunderland
18%
Byteshift
15%
Cavalier
15%
Endeavour
15%
Heartstopper
15%
Guardrail
12%
Immortalized
12%
Silvanus
12%
Team Ace
12%
Belaflaire
9%
No Limits
9%
Schema
9%
Sensation
9%
Atlas
6%
Lycans Bane
6%
Monstrocity
6%
Nitro
6%
Sarmad
6%
Transition
6%
Venturi
6%
Wonderstallion
6%
Nunca Olividados
3%
Paceline
3%
Sandswept
3%
Storm Maw
3%
Superset
3%
Torque
3%
Hivermind
0%
Starlit Odyssey
0%
No matching quizzes found
Score Distribution
Percent of People with Each Score
Percentile by Number Answered
Your Score History
You have not taken this quiz